| 000 | 01224nam a22003377a 4500 | ||
|---|---|---|---|
| 003 | CHAP | ||
| 005 | 20220817041749.0 | ||
| 008 | 971013s1980 r 00010 d | ||
| 010 | _a23718 | ||
| 011 | _a24690 | ||
| 035 | _a28789 | ||
| 040 | _cCHAP | ||
| 082 |
_a338.1 _bC69 |
||
| 110 |
_aComisión Nacional de Desarrollo Agroindustrial. México _925765 |
||
| 245 |
_aPlan nacional de desarrollo agroindustrial _b: 1980-82 |
||
| 260 |
_aMéxico, D. F. : _b(s.e.), _c1980 |
||
| 300 | _a224 p. | ||
| 590 |
_aBATCH-UPD _b10 _c20130110 _lUCH01 _h1234 |
||
| 590 |
_aBATCH-UPD _b10 _c20130410 _lUCH01 _h0803 |
||
| 590 |
_aBATCH-UPD _b10 _c20130914 _lUCH01 _h1636 |
||
| 590 |
_aCONVERSION _b10 _c20130109 _lUCH01 _h1314 |
||
| 650 | 1 | 4 |
_aIndustrias agrícolas _xMéxico. _957957 |
| 650 | 1 | 4 |
_aPolítica agrícola _zMéxico. |
| 650 | 1 | 4 |
_aPolítica industrial _zMéxico. _990676 |
| 901 | _aBK | ||
| 942 | _cLIBRO | ||
| 949 |
_a338.1 C69 _bBC _cLIBRO _d33724000357430 _eLIBRO _fc.4 _h73243 _i28789 _si |
||
| 949 |
_a338.1 C69 _bBC _cLIBRO _d33724000357448 _eLIBRO _h53144 _i28789 _mD _si |
||
| 949 |
_a338.1 C69 _bBC _cLIBRO _d33724000357455 _eLIBRO _fc.3 _h59129 _i28789 _si |
||
| 949 |
_a338.1 C69 _bBC _cLIBRO _d33724000357471 _eLIBRO _fc.2 _h56255 _i28789 _si |
||
| 999 |
_c23718 _d23718 |
||